[Event "AUTO-ADV-3214"]
[Site "http://www.queenalice.com/game.php?id=1301313"]
[Date "2014.8.13"]
[Round "1"]
[White "Ajunior"]
[Black "CocorickO"]
[Result "1-0"]
[WhiteElo "1723"]
[BlackElo "1780"]

1. b4 e5 2. Bb2 Nc6 3. b5 Nd4 4. e3 Ne6 5. Bxe5 d6 6. Bb2 Nf6 7. Nf3 Ne4 8. Be2
d5 9. O-O Bd6 10. d3 N4g5 11. Nbd2 Nxf3+ 12. Nxf3 Ng5 13. Nxg5 Qxg5 14. f4 Qg6
15. Rf3 O-O 16. Rg3 Qh6 17. Rxg7+ Qxg7 18. Bxg7 Kxg7 19. Bg4 f5 20. Bf3 Be6 21.
d4 c6 22. Rb1 cxb5 23. Rxb5 b6 24. Bxd5 Bxd5 25. Rxd5 Bb4 26. Qh5 Be7 27. Rd7
Rf7 28. Qf3 Rd8 29. Rxa7 b5 30. Qc6 Rd6 31. Qxb5 h5 32. Qe5+ Kf8 33. Qh8# 1-0

[Event "AUTO-ADV-3214"]
[Site "http://www.queenalice.com/game.php?id=1301330"]
[Date "2014.8.13"]
[Round "1"]
[White "Ajunior"]
[Black "B07109"]
[Result "0-1"]
[WhiteElo "1645"]
[BlackElo "1966"]

1. b4 d5 2. Bb2 Nf6 3. e3 e5 4. Bxe5 Bxb4 5. Nf3 Nc6 6. Bb2 O-O 7. Be2 Qe7 8. c3
Bd6 9. O-O Bf5 10. Re1 Ne5 11. d4 Neg4 12. g3 Nxf2 13. Kxf2 Ng4+ 0-1

[Event "AUTO-ADV-3214"]
[Site "http://www.queenalice.com/game.php?id=1301331"]
[Date "2014.8.13"]
[Round "1"]
[White "B07109"]
[Black "Ajunior"]
[Result "1-0"]
[WhiteElo "2174"]
[BlackElo "1660"]

1. Nf3 d5 2. g3 Nf6 3. Bg2 e6 4. O-O Be7 5. d4 O-O 6. Nc3 Nc6 7. a3 a5 8. Nb5
Na7 9. Nxa7 Rxa7 10. Qd3 Ne4 11. Bf4 c5 12. c4 b6 13. Rad1 Ba6 14. Ne5 Nd6 15.
Nc6 Qd7 16. Nxa7 Bxc4 17. Qc2 Qxa7 18. Bxd6 Bxd6 19. Be4 g6 20. Bd3 cxd4 21.
Bxc4 Rc8 22. Qd3 Rxc4 23. Rc1 b5 24. b3 Rc7 25. a4 bxa4 26. bxa4 Bc5 27. Rc2 Rb7
28. Rfc1 Rc7 29. Qb5 Bd6 30. Rxc7 Bxc7 31. Qc6 d3 32. exd3 Bb6 33. Kg2 Kg7 34.
Rb1 Bxf2 35. Rb7 Qd4 36. Qxe6 1-0

[Event "Capixaba789"]
[Site "http://www.queenalice.com/game.php?id=1301654"]
[Date "2014.8.15"]
[Round "1"]
[White "Ajunior"]
[Black "Dcar"]
[Result "0-1"]
[WhiteElo "1776"]
[BlackElo "1889"]

1. b4 Nf6 2. Bb2 g6 3. Nf3 d6 4. e3 Bg7 5. Bc4 e6 6. O-O O-O 7. a3 d5 8. Bb3 a6
9. d3 Nbd7 10. Nbd2 c5 11. c4 b5 12. cxb5 axb5 13. bxc5 Nxc5 14. Bc2 Na4 15. Bd4
Qc7 16. Bxa4 bxa4 17. Rb1 Ba6 18. Ne5 Nd7 19. Nxd7 Qxd7 20. Bxg7 Kxg7 21. Nf3
Bb5 22. Rb4 Ra5 23. Nd4 Ba6 24. Qb1 e5 25. Nf3 Qe7 26. Rc1 e4 0-1

[Event "Mateuzao_99"]
[Site "http://www.queenalice.com/game.php?id=1301794"]
[Date "2014.8.16"]
[Round "1"]
[White "Ajunior"]
[Black "Dcar"]
[Result "0-1"]
[WhiteElo "1788"]
[BlackElo "1877"]

1. b4 Nf6 2. Bb2 g6 3. Nf3 Bg7 4. e3 O-O 5. Be2 d6 6. c4 b6 7. O-O c5 8. b5 a6
9. a4 a5 10. Na3 Bb7 11. Nc2 d5 12. d4 cxd4 13. Bxd4 Nc6 14. bxc6 Bxc6 15. Ne5
Qc7 16. Nxc6 Qxc6 17. cxd5 Nxd5 18. Bf3 e6 19. Bxg7 Kxg7 20. Nd4 Qd7 21. Ne2
Rad8 22. Bxd5 exd5 23. Qd4+ Kg8 24. Qxb6 Ra8 25. Qb5 Qe6 26. Nf4 Qd6 0-1

[Event "Challenge"]
[Site "http://www.queenalice.com/game.php?id=1337072"]
[Date "2015.1.25"]
[Round "-"]
[White "JORAM2205"]
[Black "Ajunior"]
[Result "0-1"]
[WhiteElo "1737"]
[BlackElo "1788"]

1. e4 c5 2. Nf3 d6 3. Nc3 Nf6 4. Bc4 e6 5. d4 cxd4 6. Nxd4 a6 7. Nf3 Be7 8. Be3
b5 9. Bb3 Bb7 10. Qd3 b4 11. Na4 Bxe4 12. Qe2 Nbd7 13. Nh4 Bc6 14. Qc4 Ne5 15.
Qxb4 Rb8 16. Qc3 Ne4 17. Bb6 Rxb6 18. Qh3 Bxh4 19. Nxb6 Nxf2 20. Qe3 Nfg4+ 21.
Qg3 Bxg3+ 22. hxg3 Qxb6 23. O-O-O Nf2 24. c3 Qe3+ 25. Kb1 Nxh1 26. Rxh1 Qf2 27.
Bc2 Nc4 28. Rd1 Be4 0-1

[Event "Challenge"]
[Site "http://www.queenalice.com/game.php?id=1339301"]
[Date "2015.2.4"]
[Round "-"]
[White "Bategoll"]
[Black "Ajunior"]
[Result "0-1"]
[WhiteElo "1802"]
[BlackElo "1802"]

1. e4 c5 2. Nf3 d6 3. c4 Nf6 4. e5 dxe5 5. Nxe5 e6 6. Be2 Bd6 7. Nf3 Nc6 8. Nc3
a6 9. d3 Qc7 10. Bg5 Be7 11. Qc2 h6 12. Bh4 O-O 13. Bg3 Nb4 14. O-O-O Qa5 15.
Qb3 Rd8 16. a3 Nc6 17. Ne5 Nxe5 18. Bxe5 Nd7 19. Bg3 Nb8 20. Rde1 Nc6 21. f4 Nd4
22. Qd1 b5 23. Bf3 Rb8 24. cxb5 c4 25. Kb1 Bxa3 26. Qa4 Rxb5 27. Qxa5 Rxb2+ 28.
Kc1 Nb3+ 0-1

[Event "AUTO-INT-2891"]
[Site "http://www.queenalice.com/game.php?id=1349903"]
[Date "2015.3.25"]
[Round "2"]
[White "LeandroJunio"]
[Black "Ajunior"]
[Result "0-1"]
[WhiteElo "1711"]
[BlackElo "1889"]

1. e4 c5 2. Bc4 d6 3. Nc3 Nf6 4. Nf3 e6 5. d3 Be7 6. O-O Nc6 7. Be3 O-O 8. d4
cxd4 9. Bxd4 Nxd4 10. Qxd4 e5 11. Qd2 Bg4 12. Qe3 a6 13. Rad1 Rc8 14. b3 b5 15.
Bd5 b4 16. Na4 Rxc2 17. Rd3 Rxa2 18. Nxe5 Nxd5 19. Rxd5 Be6 20. Nc6 Qc7 21.
Nxe7+ Qxe7 22. Rd4 Rc8 23. Rxb4 Qf6 24. Qd4 Qxd4 25. Rxd4 Bxb3 26. Nb6 Rcc2 27.
Rxd6 g6 28. Nd5 a5 29. Ne3 Rd2 30. Rc6 Ba4 31. Rc5 Bb3 32. f4 a4 33. f5 Rab2 34.
f6 h5 35. Rc8+ Kh7 36. Ra8 Re2 37. Rf3 Re1+ 38. Nf1 Rbb1 39. Re8 Bc4 40. Re7
Rxf1+ 0-1

[Event "AUTO-INT-2891"]
[Site "http://www.queenalice.com/game.php?id=1349904"]
[Date "2015.3.25"]
[Round "2"]
[White "Ajunior"]
[Black "LeandroJunio"]
[Result "1-0"]
[WhiteElo "1879"]
[BlackElo "1721"]

1. d4 Nf6 2. c4 d5 3. Nc3 dxc4 4. e4 e6 5. Bxc4 Bb4 6. e5 Bxc3+ 7. bxc3 Nd5 8.
Ba3 Nc6 9. Qg4 g6 10. Ne2 h5 11. Qf3 f5 12. Nf4 Nxf4 13. Qxf4 Bd7 14. Rb1 Na5
15. Be2 b6 16. Qg3 g5 17. f4 g4 18. h3 h4 19. hxg4 fxg4 20. Bxg4 Nc4 21. Bc1 Qe7
22. Qd3 b5 23. Bf3 O-O-O 24. Qe4 c6 25. Rxb5 Rdg8 26. Rc5 Nb6 27. Ba3 Qe8 28.
Ra5 Kb7 29. Qd3 Nc8 30. Qb5+ Nb6 31. Qa6+ Kc7 32. Qxa7+ Kd8 33. Qxb6+ 1-0

[Event "AUTO-INT-2891"]
[Site "http://www.queenalice.com/game.php?id=1349907"]
[Date "2015.3.25"]
[Round "2"]
[White "Ajunior"]
[Black "sccp1910"]
[Result "1-0"]
[WhiteElo "1898"]
[BlackElo "1716"]

1. b4 e5 2. Bb2 Qe7 3. a3 d5 4. e3 d4 5. c4 Nf6 6. Nf3 Bg4 7. Be2 Nc6 8. Qa4
dxe3 9. dxe3 a6 10. O-O Bd7 11. Qc2 Bg4 12. Nbd2 g6 13. b5 Na7 14. a4 e4 15.
Bxf6 Qxf6 16. Qxe4+ Be6 17. Qxb7 Rd8 18. Qxa7 Bg4 19. Ne4 Qf5 20. Ng3 Qc2 21.
Qxc7 Bg7 22. Ne5 Be6 23. Nc6 O-O 24. Rac1 Rc8 25. Ne7+ Kh8 26. Nxc8 Rxc8 27.
Qxc8+ Bxc8 28. Rxc2 axb5 29. cxb5 Be6 30. Bc4 Bxc4 31. Rxc4 h5 32. b6 h4 33.
Rxh4+ Kg8 34. b7 Be5 35. Rc1 Kg7 36. Rc8 g5 37. Re4 Bd6 38. Nf5+ Kf6 39. Nxd6 g4
40. b8=Q g3 41. Rf4+ Kg5 42. Rg8+ Kh5 43. Rh8+ Kg5 44. Qg8# 1-0

[Event "AUTO-INT-2891"]
[Site "http://www.queenalice.com/game.php?id=1349908"]
[Date "2015.3.25"]
[Round "2"]
[White "sccp1910"]
[Black "Ajunior"]
[Result "0-1"]
[WhiteElo "1720"]
[BlackElo "1835"]

1. e4 c5 2. e5 d5 3. Qe2 a6 4. d3 g6 5. g3 Bg7 6. Bg2 Nc6 7. Nc3 e6 8. Nh3 Nxe5
9. Bf4 Qf6 10. O-O h6 11. Na4 Nd7 12. c3 b5 13. Nxc5 Nxc5 14. d4 Nd7 15. b3 g5
16. Bd6 Ne7 17. c4 bxc4 18. bxc4 a5 19. Rfe1 Qxd4 20. cxd5 Ba6 21. Qc2 Rc8 22.
Qb3 Rc3 23. Qb2 Nxd5 24. Bxd5 Qxd5 25. Rad1 Qc6 26. Re3 Bb7 27. f3 Rg8 28. Rxc3
Bxc3 29. Qc2 Bd4+ 30. Qf2 Qxf3 31. Rxd4 Qh1# 0-1

[Event "Challenge"]
[Site "http://www.queenalice.com/game.php?id=1360429"]
[Date "2015.5.19"]
[Round "-"]
[White "Paulobraz"]
[Black "Ajunior"]
[Result "0-1"]
[WhiteElo "1909"]
[BlackElo "1907"]

1. g3 Nf6 2. Bg2 d5 3. d4 Bf5 4. Nc3 Nc6 5. Nf3 Nb4 6. e4 Nxe4 7. Nxe4 Bxe4 8.
O-O Nxc2 9. Rb1 c6 10. Nd2 Bxg2 11. Kxg2 Nxd4 12. Nf3 Nxf3 13. Qxf3 d4 14. Bf4
e6 15. Rbd1 Qf6 16. Rfe1 O-O-O 17. Qh5 Rd5 18. Qg4 g5 19. Bd2 h5 20. Qe4 h4 21.
g4 h3+ 22. Kh1 Re5 23. Qxd4 Qf3+ 24. Kg1 Qg2# 0-1

[Event "Chingorin"]
[Site "http://www.queenalice.com/game.php?id=1372783"]
[Date "2015.7.22"]
[Round "-"]
[White "Wickboldt"]
[Black "Ajunior"]
[Result "0-1"]
[WhiteElo "1970"]
[BlackElo "1927"]

1. d4 f5 2. Bf4 Nf6 3. e3 e6 4. h3 Be7 5. Bc4 b6 6. Ne2 O-O 7. Nbc3 a6 8. a3 Bb7
9. f3 d5 10. Bb3 Nh5 11. Qd2 Bh4+ 12. g3 Nxf4 13. exf4 Bf6 14. O-O-O c5 15. g4
c4 16. Ba2 Qd7 17. g5 Be7 18. h4 b5 19. Ng3 a5 20. h5 b4 21. Nce2 bxa3 22. Qc3
axb2+ 23. Qxb2 a4 24. c3 a3 25. Qc2 Bc6 26. Rde1 Ba4 27. Qd2 Nc6 28. Bb1 Rfb8
29. Qa2 Na5 30. Bc2 Rb2 0-1

[Event "Challenge"]
[Site "http://www.queenalice.com/game.php?id=1376170"]
[Date "2015.8.8"]
[Round "-"]
[White "ORNELAS"]
[Black "Ajunior"]
[Result "0-1"]
[WhiteElo "1620"]
[BlackElo "1923"]

1. Nf3 d5 2. c3 c5 3. d4 e6 4. Bg5 Nf6 5. Ne5 Be7 6. Nxf7 Kxf7 7. e3 Rf8 8. Bd3
Kg8 9. dxc5 Bxc5 10. Qd2 Nc6 11. O-O Ne5 12. Bxf6 Qxf6 13. Qc2 Nxd3 14. Qxd3 b6
15. Nd2 Bb7 16. Nf3 e5 17. c4 e4 18. Qe2 exf3 19. gxf3 d4 20. exd4 Bxf3 21. Qe5
Bxd4 22. Qg3 Be5 23. Rfe1 Bxg3 24. hxg3 Qh6 0-1

[Event "Challenge"]
[Site "http://www.queenalice.com/game.php?id=1405505"]
[Date "2016.1.22"]
[Round "-"]
[White "armin"]
[Black "Ajunior"]
[Result "0-1"]
[WhiteElo "2028"]
[BlackElo "1987"]

1. d4 Nf6 2. c4 g6 3. g3 Bg7 4. Bg2 O-O 5. e4 d6 6. Nc3 Nc6 7. d5 Ne5 8. b3 Ne8
9. Bb2 c6 10. f4 Ng4 11. Qd2 cxd5 12. cxd5 Qb6 13. Nf3 Ne3 14. Rc1 Nf6 15. Rg1
Bd7 16. Qd4 Nxe4 17. Qxb6 axb6 18. Nxe4 Bxb2 19. Rc7 Bf5 20. Nc3 Bxc3+ 21. Rxc3
Nxd5 0-1

[Event "Mecking"]
[Site "http://www.queenalice.com/game.php?id=1405507"]
[Date "2016.1.22"]
[Round "-"]
[White "JoseHenrique"]
[Black "Ajunior"]
[Result "0-1"]
[WhiteElo "1964"]
[BlackElo "1971"]

1. c4 Nf6 2. Nc3 c6 3. e4 d6 4. d4 g6 5. b3 Bg7 6. Bb2 O-O 7. Nf3 c5 8. Be2 Bg4
9. O-O Bxf3 10. Bxf3 cxd4 11. Qxd4 Nc6 12. Qd2 Nd7 13. Ne2 Nde5 14. Rab1 Nxf3+
15. gxf3 Bxb2 16. Qxb2 Qd7 17. Kh1 f5 18. Qd2 Rf7 19. Rg1 fxe4 20. f4 Re8 21.
Qd5 e5 22. Qd2 exf4 23. Nxf4 Ne5 24. Rg3 Qf5 25. Nh3 e3 26. Qe1 Nf3 27. Qc1 e2
0-1

[Event "Chigorin"]
[Site "http://www.queenalice.com/game.php?id=1405508"]
[Date "2016.1.22"]
[Round "-"]
[White "armin"]
[Black "Ajunior"]
[Result "0-1"]
[WhiteElo "2010"]
[BlackElo "2005"]

1. Nf3 d5 2. g3 Nf6 3. Bg2 g6 4. d4 Bg7 5. c4 O-O 6. cxd5 Nxd5 7. e4 Nf6 8. Nc3
Nbd7 9. Bf4 c5 10. d5 b5 11. e5 Ng4 12. e6 fxe6 13. dxe6 Nb6 14. Nxb5 Ba6 15.
Nc7 Bd3 16. Nxa8 Nc4 17. Nc7 Rxf4 18. gxf4 Nxb2 19. Qc1 Bc4 20. Qc2 Qxc7 21. Rd1
Qa5+ 0-1